[Event "POR-ch U20"]
[Site "Luso"]
[Date "2018.03.28"]
[Round "7"]
[White "Nogueira, Diana Sofia Cunha"]
[Black "Fidalgo, Andre Neves"]
[Result "0-1"]
[WhiteElo "1671"]
[BlackElo "2243"]
[PlyCount "86"]
[EventDate "2018.03.24"]
[EventType "swiss"]
[EventRounds "7"]
[EventCountry "POR"]
[SourceTitle "EXT 2019"]
[Source "ChessBase"]
[SourceDate "2018.10.10"]
[SourceVersion "1"]
[SourceVersionDate "2018.10.10"]
[SourceQuality "1"]

1. e4 c5 2. Nc3 Nc6 3. g3 g6 4. Bg2 Bg7 5. d3 d6 6. Be3 Rb8 7. Qd2 b5 8. Nge2 b4 9. Nd1 Nd4 10. 0-0 e5 11. c3 bxc3 12. bxc3 Nxe2+ 13. Qxe2 Ne7 14. Qd2 0-0 15. Bh6 Qa5 16. Bxg7 Kxg7 17. Ne3 Bd7 18. Rfb1 Be6 19. Rb2 Rxb2 20. Qxb2 Nc6 21. f4 Rb8 22. Qc1 f6 23. f5 Bd7 24. h4 Ne7 25. g4 Qd8 26. Rb1 Rxb1 27. Qxb1 Qb6 28. Qc2 c4 29. Kf2 d5 30. Ke2 cxd3+ 31. Kxd3 Bb5+ 32. Kd2 d4 33. Nd1 Nc6 34. Bf3 Qd8 35. c4 Qa5+ 36. Ke2 Ba6 37. Kf2 Qc5 38. Ke1 Qb4+ 39. Qd2 Qxc4 40. Be2 d3 41. Nb2 Qxe4 42. Nxd3 Nd4 43. Qb2 Bxd3 0-1

[Event "POR-ch U18"]
[Site "Luso"]
[Date "2016.07.20"]
[Round "1"]
[White "Mendes, Neuza Graxinha"]
[Black "Nogueira, Diana Sofia Cunha"]
[Result "0-1"]
[WhiteElo "1345"]
[BlackElo "1660"]
[PlyCount "82"]
[EventDate "2016.07.20"]
[EventType "swiss"]
[EventRounds "7"]
[EventCountry "POR"]
[SourceTitle "EXT 2018"]
[Source "ChessBase"]
[SourceDate "2017.10.13"]
[SourceVersion "1"]
[SourceVersionDate "2017.10.13"]
[SourceQuality "1"]

1. d4 Nf6 2. e3 g6 3. Bd3 Bg7 4. f4 d6 5. Nf3 c5 6. c3 Qc7 7. Nbd2 e6 8. 0-0 Nc6 9. a3 0-0 10. b3 Nd7 11. Bb2 Ne7 12. Re1 f5 13. Bc2 e5 14. Ra2 e4 15. Ng5 Nf6 16. b4 c4 17. Qe2 b5 18. a4 h6 19. Nh3 Bd7 20. a5 Ned5 21. Nf2 Qd8 22. Nf1 Kf7 23. g3 g5 24. Bc1 Rh8 25. h3 gxf4 26. exf4 Rg8 27. Ra3 Bf8 28. Bd1 h5 29. Kg2 Bh6 30. Kh1 Bc6 31. Be3 Bxf4 32. gxf4 Nxf4 33. Bxf4 e3+ 34. Kh2 Rg2+ 35. Kh1 Rxf2+ 36. Kg1 Qg8+ 37. Bg3 Rxe2 38. Bxe2 h4 39. Kh2 hxg3+ 40. Nxg3 f4 41. Nf5 Qg2# 0-1

[Event "Gaia Profigaia op 9th"]
[Site "Vila Nova de Gaia"]
[Date "2016.06.25"]
[Round "2"]
[White "Dias, Ivo Rodrigues"]
[Black "Nogueira, Diana Sofia Cunha"]
[Result "1-0"]
[WhiteElo "2168"]
[BlackElo "1636"]
[PlyCount "45"]
[EventDate "2016.06.24"]
[EventType "swiss"]
[EventRounds "7"]
[EventCountry "POR"]
[SourceTitle "EXT 2018"]
[Source "ChessBase"]
[SourceDate "2017.10.13"]
[SourceVersion "1"]
[SourceVersionDate "2017.10.13"]
[SourceQuality "1"]

1. d4 d5 2. c4 Nf6 3. cxd5 Nxd5 4. e4 Nf6 5. Nc3 e6 6. Nf3 Be7 7. Bd3 a6 8. 0-0 b6 9. Re1 Bb7 10. Qe2 Nbd7 11. Bg5 h6 12. Bf4 Nh5 13. Bd2 g5 14. Rad1 Ng7 15. Bc1 h5 16. e5 h4 17. Be4 c6 18. h3 Nf5 19. Bxf5 exf5 20. e6 Nf8 21. exf7+ Kxf7 22. Qe5 Bc8 23. Qxh8 1-0

[Event "Gaia Profigaia op 9th"]
[Site "Vila Nova de Gaia"]
[Date "2016.06.25"]
[Round "3"]
[White "Nogueira, Diana Sofia Cunha"]
[Black "Couto, Gaspar Sousa"]
[Result "1-0"]
[WhiteElo "1636"]
[BlackElo "1205"]
[PlyCount "77"]
[EventDate "2016.06.24"]
[EventType "swiss"]
[EventRounds "7"]
[EventCountry "POR"]
[SourceTitle "EXT 2018"]
[Source "ChessBase"]
[SourceDate "2017.10.13"]
[SourceVersion "1"]
[SourceVersionDate "2017.10.13"]
[SourceQuality "1"]

1. e4 e5 2. Nf3 Nc6 3. Bc4 Bc5 4. c3 Nf6 5. d3 d6 6. h3 Be6 7. Bb5 Qd7 8. d4 exd4 9. cxd4 Bb6 10. d5 Nxe4 11. Be3 a6 12. Bxc6 bxc6 13. dxe6 fxe6 14. Qb3 Rb8 15. Qc2 Nf6 16. Nc3 Bxe3 17. fxe3 0-0 18. 0-0 Nd5 19. Ng5 Nf6 20. Rac1 c5 21. Rfd1 Qe7 22. b3 h6 23. Nf3 Rb6 24. Na4 Rb4 25. a3 Re4 26. Qf2 Nd5 27. Rd3 Qd7 28. Rxc5 dxc5 29. Nxc5 Qb5 30. Qc2 Rb4 31. Rxd5 exd5 32. axb4 Re8 33. Qd2 a5 34. Qxd5+ Kh8 35. Qf7 Rg8 36. Qg6 Ra8 37. Ne6 Qd7 38. Ne5 Kg8 39. Nxd7 1-0

[Event "Coimbra Queima das Fitas op"]
[Site "Coimbra"]
[Date "2016.04.23"]
[Round "2"]
[White "Nogueira, Diana Sofia Cunha"]
[Black "Sismeiro, Miguel"]
[Result "1-0"]
[WhiteElo "1618"]
[BlackElo "1159"]
[PlyCount "117"]
[EventDate "2016.04.22"]
[EventType "swiss"]
[EventRounds "7"]
[EventCountry "POR"]
[SourceTitle "EXT 2018"]
[Source "ChessBase"]
[SourceDate "2017.10.13"]
[SourceVersion "1"]
[SourceVersionDate "2017.10.13"]
[SourceQuality "1"]

1. e4 e5 2. Nf3 Nc6 3. Bc4 Bc5 4. c3 Nf6 5. d3 0-0 6. h3 h6 7. 0-0 d6 8. Bb3 Be6 9. Bc2 Ne7 10. Be3 Bb6 11. Nbd2 c6 12. d4 Ng6 13. Re1 Qc7 14. Nf1 d5 15. Ng3 Rfd8 16. Qb1 dxe4 17. Nxe4 exd4 18. Nxf6+ gxf6 19. Nxd4 Bxd4 20. Bxd4 Ne5 21. f4 Nc4 22. Qc1 f5 23. Re2 Rd7 24. b3 c5 25. Bf6 Nb6 26. Qe3 Kh7 27. Be5 Qc6 28. g4 Rg8 29. Kh2 Nd5 30. Qf2 f6 31. Bxf6 Nxf6 32. Rxe6 Rd6 33. Bxf5+ Kh8 34. Rae1 Re8 35. Rxe8+ Nxe8 36. Qe3 Ng7 37. Be4 Qc7 38. Kg2 b6 39. f5 Qe7 40. c4 Qg5 41. Bd5 Qxe3 42. Rxe3 h5 43. Kf3 hxg4+ 44. hxg4 Kh7 45. Kf4 Rh6 46. g5 Rh4+ 47. Ke5 Rh5 48. Rg3 Rh2 49. Bg2 Ne8 50. f6 Kg6 51. a4 Rh5 52. Be4+ Kf7 53. Bd5+ Kf8 54. Bf3 Rh8 55. g6 Rg8 56. g7+ Nxg7 57. fxg7+ Rxg7 58. Rxg7 Kxg7 59. Kd5 1-0

[Event "Portugal op"]
[Site "Oeiras"]
[Date "2015.09.05"]
[Round "9"]
[White "Nogueira, Diana Sofia Cunha"]
[Black "Soares, Manuel AAL Branda"]
[Result "1-0"]
[WhiteElo "1691"]
[BlackElo "1090"]
[PlyCount "53"]
[EventDate "2015.08.30"]
[EventType "swiss"]
[EventRounds "9"]
[EventCountry "POR"]
[SourceTitle "EXT 2016"]
[Source "ChessBase"]
[SourceDate "2015.10.08"]
[SourceVersion "1"]
[SourceVersionDate "2015.10.08"]
[SourceQuality "1"]

1. e4 c5 2. Nc3 Nc6 3. g3 Nf6 4. Bg2 d6 5. d3 e5 6. Nge2 Bg4 7. f3 Be6 8. 0-0 Nd4 9. Be3 Be7 10. Qd2 Qa5 11. h3 Nh5 12. g4 Nxe2+ 13. Nxe2 Qxd2 14. Bxd2 Nf6 15. f4 exf4 16. Nxf4 Bd7 17. g5 Ng8 18. Nh5 g6 19. Bc3 gxh5 20. Bxh8 f6 21. gxf6 Bxf6 22. Bxf6 Nxf6 23. Rxf6 0-0-0 24. Raf1 Rg8 25. Rf8+ Rxf8 26. Rxf8+ Kc7 27. Rf7 1-0

[Event "Portugal op"]
[Site "Oeiras"]
[Date "2015.08.30"]
[Round "1"]
[White "Nogueira, Diana Sofia Cunha"]
[Black "Rebelo, Nuno"]
[Result "1-0"]
[WhiteElo "1691"]
[BlackElo "1148"]
[PlyCount "78"]
[EventDate "2015.08.30"]
[EventType "swiss"]
[EventRounds "9"]
[EventCountry "POR"]
[SourceTitle "EXT 2016"]
[Source "ChessBase"]
[SourceDate "2015.10.08"]
[SourceVersion "1"]
[SourceVersionDate "2015.10.08"]
[SourceQuality "1"]

1. e4 c5 2. Nc3 e6 3. g3 Nc6 4. Bg2 d6 5. d3 Nf6 6. f4 Be7 7. Nf3 Qc7 8. 0-0 a6 9. Ne2 b5 10. c3 c4 11. Nfd4 Qb6 12. Kh1 e5 13. fxe5 Nxe5 14. dxc4 bxc4 15. Nf4 Bb7 16. Qc2 0-0 17. Be3 Qd8 18. Rad1 Qc8 19. Nf5 Qb8 20. Nxe7+ Kh8 21. Ned5 Bxd5 22. Nxd5 Neg4 23. Bg1 Nxd5 24. Rxd5 Qc7 25. Rd4 Ne5 26. b3 cxb3 27. axb3 f6 28. Rfd1 Rad8 29. Qd2 Nf7 30. Be3 g5 31. Bh3 h5 32. Be6 Ne5 33. Rxd6 Rxd6 34. Qxd6 Qxd6 35. Rxd6 Kg7 36. Rxa6 g4 37. Ra7+ Nf7 38. Bxf7 Rxf7 39. Rxf7+ Kxf7 1-0

[Event "Lisbon Check Mate op 3rd"]
[Site "Lisbon"]
[Date "2015.08.10"]
[Round "4"]
[White "Guia, Artur Solovyov Eloy"]
[Black "Nogueira, Diana Sofia Cunha"]
[Result "0-1"]
[WhiteElo "1265"]
[BlackElo "1691"]
[PlyCount "90"]
[EventDate "2015.08.08"]
[EventType "swiss"]
[EventRounds "7"]
[EventCountry "POR"]
[SourceTitle "EXT 2017"]
[Source "ChessBase"]
[SourceDate "2016.10.25"]
[SourceVersion "1"]
[SourceVersionDate "2016.10.25"]
[SourceQuality "1"]

1. e4 c5 2. Nf3 d6 3. d4 cxd4 4. Nxd4 Nf6 5. Nc3 a6 6. Bc4 e6 7. 0-0 Be7 8. Re1 Nbd7 9. Bg5 Nxe4 10. Bxe7 Nxc3 11. Qd3 Qxe7 12. Qxc3 0-0 13. Rad1 b5 14. Bd3 Nf6 15. Be2 Bb7 16. Qg3 Rac8 17. Bd3 Qc7 18. c3 Rfd8 19. h3 Qc5 20. a3 Bd5 21. Rc1 g6 22. Qg5 Kg7 23. Rc2 Bc4 24. Qxc5 Rxc5 25. Bxc4 bxc4 26. Rd2 Rb8 27. Rb1 Nd7 28. Nf3 d5 29. b4 cxb3 30. Nd4 Rxc3 31. Rdb2 Nc5 32. Kf1 Rb6 33. Ke2 Kf6 34. Kd2 Rd3+ 35. Kc1 Rxd4 36. Rd2 Rc4+ 37. Kd1 Na4 38. Ke2 Rc2 39. Rxc2 bxc2 40. Rc1 Rb1 41. Rxb1 cxb1Q 42. Kd2 Qb2+ 43. Ke3 d4+ 44. Kd3 Nc5+ 45. Kc4 Qc3# 0-1

[Event "Famalicao op 3rd"]
[Site "Famalicao"]
[Date "2015.08.03"]
[Round "2"]
[White "Dias, Ivo Rodrigues"]
[Black "Nogueira, Diana Sofia Cunha"]
[Result "1-0"]
[WhiteElo "2122"]
[BlackElo "1691"]
[PlyCount "67"]
[EventDate "2015.08.02"]
[EventType "swiss"]
[EventRounds "7"]
[EventCountry "POR"]
[SourceTitle "CBM 167 Extra"]
[Source "ChessBase"]
[SourceDate "2015.09.14"]
[SourceVersion "1"]
[SourceVersionDate "2015.09.14"]
[SourceQuality "1"]

1. b3 e5 2. Bb2 Nc6 3. e3 Nf6 4. Bb5 Bd6 5. Na3 Na5 6. Be2 a6 7. c4 Be7 8. Nc2 Nc6 9. d4 exd4 10. Nxd4 Nxd4 11. Qxd4 d6 12. Nf3 Bd7 13. e4 0-0 14. 0-0 Bc6 15. Bd3 Re8 16. Rae1 Bf8 17. Nd2 b5 18. Kh1 Qd7 19. f4 Bb7 20. Rf3 c5 21. Qf2 Ng4 22. Qh4 f5 23. h3 Nh6 24. Rfe3 b4 25. Qg5 Bc8 26. exf5 Rxe3 27. Rxe3 Nxf5 28. Re1 Ra7 29. Be4 Ne7 30. f5 d5 31. f6 dxe4 32. fxg7 Ng6 33. gxf8Q+ Kxf8 34. Nxe4 1-0

[Event "POR-chT Districts U20"]
[Site "Pombal"]
[Date "2015.07.05"]
[Round "4.1"]
[White "Nogueira, Diana Sofia Cunha"]
[Black "Silva, Ana Ines Teixeira D"]
[Result "1-0"]
[WhiteElo "1590"]
[BlackElo "1633"]
[PlyCount "105"]
[EventDate "2015.07.04"]
[EventType "team-swiss"]
[EventRounds "4"]
[EventCountry "POR"]
[SourceTitle "EXT 2018"]
[Source "ChessBase"]
[SourceDate "2017.10.13"]
[SourceVersion "1"]
[SourceVersionDate "2017.10.13"]
[SourceQuality "1"]
[WhiteTeam "Porto"]
[BlackTeam "Braga"]
[WhiteTeamCountry "POR"]
[BlackTeamCountry "POR"]

1. e4 c6 2. d4 d5 3. exd5 cxd5 4. Bd3 Nc6 5. c3 Nf6 6. h3 e6 7. Nf3 Bd6 8. 0-0 0-0 9. Bg5 a6 10. a4 Rb8 11. Re1 Re8 12. Ne5 Be7 13. Qc2 h6 14. Bh4 Qc7 15. Bg3 Bd6 16. f4 Nh5 17. Bh2 b5 18. axb5 axb5 19. Nd2 b4 20. g4 Nf6 21. Bg3 Qb6 22. Bh2 b3 23. Qd1 Nxd4 24. cxd4 Qxd4+ 25. Kh1 Bxe5 26. fxe5 Qxd3 27. exf6 Qxh3 28. Qf3 Qxf3+ 29. Nxf3 Rb4 30. fxg7 Rxg4 31. Ra3 Rxg7 32. Rxb3 Ba6 33. Nd2 Kh7 34. Rb6 Bd3 35. b4 Rg4 36. Rb7 Kg7 37. b5 Be4+ 38. Nxe4 dxe4 39. b6 Rd8 40. Rg1 h5 41. Rc7 e3 42. Rcc1 f6 43. b7 e5 44. Rc8 Rxg1+ 45. Bxg1 e2 46. Bf2 Rd1+ 47. Kg2 Rb1 48. b8Q Rxb8 49. Rxb8 f5 50. Rb2 f4 51. Rxe2 Kf6 52. Kf3 Kf5 53. Bh4 1-0

[Event "Gaia Profigaia op 8th"]
[Site "Vila Nova de Gaia"]
[Date "2015.06.27"]
[Round "2"]
[White "Nogueira, Diana Sofia Cunha"]
[Black "Dias, Ivo Rodrigues"]
[Result "1/2-1/2"]
[WhiteElo "1590"]
[BlackElo "2143"]
[PlyCount "68"]
[EventDate "2015.06.27"]
[EventType "swiss"]
[EventRounds "9"]
[EventCountry "POR"]
[SourceTitle "EXT 2018"]
[Source "ChessBase"]
[SourceDate "2017.10.13"]
[SourceVersion "1"]
[SourceVersionDate "2017.10.13"]
[SourceQuality "1"]

1. e4 e5 2. Nf3 Nc6 3. Bc4 Bc5 4. Nc3 Nf6 5. d3 h6 6. h3 a6 7. Be3 Bxe3 8. fxe3 d6 9. a3 Be6 10. Ba2 Bxa2 11. Rxa2 d5 12. exd5 Nxd5 13. e4 Nf4 14. 0-0 Qd6 15. Kh2 0-0-0 16. Ra1 g5 17. Ne2 Ng6 18. Ng3 Nce7 19. b4 Nf4 20. Ng1 h5 21. N3e2 h4 22. Rb1 Rdg8 23. Nxf4 gxf4 24. Rf3 f5 25. Qe2 Nc6 26. c3 Rg5 27. Rf2 fxe4 28. Qxe4 Qg6 29. Qxg6 Rxg6 30. Nf3 Rd6 31. Rd2 Rhd8 32. Rbd1 b5 33. Ng5 Rg6 34. Nf3 Rgd6 1/2-1/2